Export Management / (Record no. 41620)

MARC details
000 -LEADER
fixed length control field 00709nam a22002057a 4500
005 - DATE AND TIME OF LATEST TRANSACTION
control field 20100813140030.0
010 ## - LCCN (DPL NO)
LC control number ENG-100212
020 ## - INTERNATIONAL STANDARD BOOK NUMBER
International Standard Book Number 9788190761851
Terms of availability 70.00
035 ## - SYSTEM CONTROL NUMBER
System control number EN-83744
037 ## - SOURCE OF ACQUISITION
Source of stock number/acquisition DBAD/PUB
082 ## - DEWEY DECIMAL CLASSIFICATION NUMBER
Classification number 658.84
100 ## - MAIN ENTRY--PERSONAL NAME
Personal name Harikrishnan, K.
245 ## - TITLE STATEMENT
Title Export Management /
Statement of responsibility, etc by K. Harikrishnan
260 ## - PUBLICATION, DISTRIBUTION, ETC. (IMPRINT)
Place of publication, distribution, etc Chennai
Name of publisher, distributor, etc Thirupathi Publication
Date of publication, distribution, etc 2008
270 ## - ADDRESS
Address No. 63, Razak Garden, Arumbakkam
City Chennai
Postal code 106
300 ## - PHYSICAL DESCRIPTION
Extent 95p.
Dimensions 21cm (pbk)
650 ## - SUBJECT ADDED ENTRY--TOPICAL TERM
Topical term or geographic name as entry element Export Management
942 ## - ADDED ENTRY ELEMENTS (KOHA)
Source of classification or shelving scheme Dewey Decimal Classification
Item type English Books
Classification part 658.84
Call number suffix HAR
Holdings
Withdrawn status Lost status Not for loan Collection code Home library Current library Date acquired Source of acquisition Cost, normal purchase price Full call number Barcode Copy number Cost, replacement price Koha item type
    Not For Loan Non-fiction D.B.Act.Division D.B.Act.Division 13/08/2010 DBAD/PUB 70.00 658.84 HAR EN-83744 1 70.00 English Books

© Delhi Public Library
Hit Counter
free hit counter